Film dont le titre commence par un T (3) - Statistiques

Statistiques générales
  • Ce quiz a été pris 6 fois
  • Le résultat moyen est 4 sur 30
Statistiques - réponses
Année Réalisateur Genre 1 acteur ou
1 actrice
Titre % Correct
1984 James Cameron Fantastique Arnold Schwarzenegger Terminator
83%
1983 Claude Berri Drame Coluche Tchao pantin
50%
1982 Sydney Pollack Comédie Dustin Hoffman Tootsie
50%
1960 François Truffaut Policier Charles Aznavour Tirez sur le pianiste
33%
1990 Paul Verhoeven Science fiction Arnold Schwarzenegger Total Recall
33%
1953 Fred Zinnemann Guerre Burt Lancaster Tant qu'il y aura des hommes
17%
2017 Chloé Zao Western Brady Jandreau The Rider
17%
2018 Roar Uthaug Aventures Alicia Vikander Tomb Raider
17%
1996 Woody Allen Musical Drew Barrymore Tout le monde dit I love you
17%
1998 Pedro Almodovar Comédie dramatique Agustin Almodovar Tout sur ma mère
17%
2004 Wolfgang Petersen Peplum Brad Pitt Troie
17%
1980 Jacques Deray Policier Alain Delon Trois hommes à abattre
17%
1955 Alexander Mackendrick Comédie Alec Guinness Tueurs de dames
17%
2016 David Yates Aventures Alexander Skarsgard Tarzan
0%
1993 Serge Leroy Comédie dramatique Bruno Cremer Taxi de nuit
0%
1957 Billy Wilder Policier Charles Laughton Témoin à charge
0%
1939 D. Bernard-Deschamps Drame Arletty Tempête
0%
1986 Jean Pelegri Comédie dramatique Catherine Mouchet Thérèse
0%
2012 Claude Miller Drame Audrey Tautou Thérèse Desqueyroux
0%
2017 Doug Liman Thriller Bob Geldof The Wall
0%
1942 Ernst Lubitsch Comédie Carole Lombard To be or not to be
0%
2012 Len Wiseman Science fiction Colin Farrel Total Recall Mémoires programmées
0%
1935 John Ford Western Edward G. Robinson Toute la ville en parle
0%
2014 Maxime Govare Comédie Diane Tell Toute première fois
0%
2005 Tony Gatlif Drame Asia Argento Transylvania
0%
1955 André Hunebelle Comédie Annie Girardot Treize à table
0%
2009 François Dupeyron Comédie Alain Chabat Trésor
0%
1957 Gilles Grangier Policier Daniel Gélin Trois jours à vivre
0%
2016 Mel Gibson Drame Andrew Garfield Tu ne tueras point
0%
1986 Jean-Paul Roussillon Comédie Christian Clavier Twist again à Moscou
0%
Aucun quiz correspondant
Distribution des résultats
% des personnes avec chaque résultat
Percentile par nombre de réponses
Votre historique - résultats
Vous n’avez pas pris ce quiz